Los paras̕os fiscales uso de las jurisdicciones de baja tributacin̤ /

Detalles Bibliográficos
Autor principal: Martn̕ez Selva, Jos ̌Mara̕
Formato: Desconocido
Lenguaje:español
Publicado: Madrid : DIJUSA, 2008
Materias:
Acceso en línea:Acceso restringido

MARC

LEADER 00000ny a22000003n 4500
005 2011060904224.0
008 060214s2008 sp 000 0 spa d
020 |a 9788495748706 
035 |a 2566 
040 |a Mpons  |d vLex 
080 |a 336.2(100) 
090 |c 622  |d 622 
100 1 |a Martn̕ez Selva, Jos ̌Mara̕ 
245 1 4 |a Los paras̕os fiscales  |h [Recurso electrn̤ico]  |b uso de las jurisdicciones de baja tributacin̤ /  |c Jos ̌Mara̕ Martn̕ez Selva 
256 |a Servicio en ln̕ea 
260 |a Madrid :  |b DIJUSA,  |c 2008 
300 |a p. ;  |c cm 
506 1 |a Contenido solo disponible en los productos indicados  |d vLex Global  |d vLex Global (Academic Edition, excluding Law Schools)  |d vLex Global (U.S. Academic Edition, Law Schools)  |d vLex Global (U.S. Academic Edition, excluding Law Schools)  |d vLex Global (Academic Edition, Law Schools) 
650 0 7 |a Paras̕os fiscales  |2 Tesauro vLex 
650 0 7 |2 Tesauro vLex  |a Tributario 
650 0 7 |2 Tesauro vLex  |a Derecho tributario 
740 0 |a vLex Libros (Servicios en ln̕ea) 
856 4 0 |z Acceso restringido  |u http://vlex.com/source/paraisos-fiscales-uso-jurisdicciones-baja-tributacion-2566 
942 |c BOOK 
999 0 |a Law  |b Madrid